000 00748nam a2200229Ia 4500
003 OSt
005 20220926004735.0
006 a|||||r|||| 00| 0
007 ta
008 220923b |||||||| |||| 00| 0 eng d
037 _cGeneral Book
040 _aRTL
_cRTL
_beng
041 _2eng
_aeng
082 _aV2,8:3.PO, PO
100 _aBalveer Arora Au.
_9309160
245 0 _aChanging role of the All-India service
_bAn assessment 2nd aganda for future research on federalism and the all-India service
260 _a New Delhi
_bs.n.
_c2000
300 _axxiv,213p
_ccm.
700 _a Beryl Radin Au.
_9309161
942 _hV2,8:3.PO, PO
_cGB
_2CC
999 _c612124
_d612124